000 00239nam a2200109 a 4500
008 090929s1990|||| d
100 1 _aBrinková, C.
245 1 0 _aCaddie
260 _bMladé letá
_aBratislava
_c1990
041 _aslo
044 _aSR
999 _c8
_d8